Portugal Players Biggest Transfers - Statistics

General Stats
  • This quiz has been taken 108 times
  • The average score is 129 of 250
Answer Stats
Player From Joined % Correct
ST Cristiano Ronaldo 18/19 Real Madrid Juventus
99%
ST Cristiano Ronaldo 09/10 Manchester United Real Madrid
99%
ST Cristiano Ronaldo 03/04 Sporting CP Manchester United
99%
ST Cristiano Ronaldo 21/22 Juventus Manchester United
99%
SS Joao Felix 19/20 Benfica Atletico Madrid
99%
SS Joao Felix 22/23 Atletico Madrid Chelsea
99%
AM Bernardo Silva 17/18 Monaco Manchester City
97%
AM Bernardo Silva 14/15 Benfica Monaco
97%
AM Bruno Fernandes 19/20 Sporting CP Manchester United
96%
AM Bruno Fernandes 17/18 Sampdoria Sporting CP
96%
AM Bruno Fernandes 17/18 Udinese Sampdoria
96%
CB Ruben Dias 20/21 Benfica Manchester City
96%
CM Adrien Silva 17/18 Sporting CP Leicester City
95%
ST Andre Silva 17/18 Porto Milan
95%
ST Andre Silva 21/22 Eintracht Frankfurt RB Leipzig
95%
ST Andre Silva 18/19 Milan Sevilla
95%
ST Fabio Silva 20/21 Porto Wolverhampton Wanderers
95%
RB Joao Cancelo 19/20 Juventus Manchester City
95%
RB Joao Cancelo 18/19 Valencia Juventus
95%
RB Joao Cancelo 15/16 Benfica Valencia
95%
RW Luis Figo 00/01 Barcelona Real Madrid
93%
LW Rafa Silva 16/17 Braga Benfica
93%
LW Diogo Jota 20/21 Wolverhampton Wanderers Liverpool
92%
LW Diogo Jota 18/19 Atletico Madrid Wolverhampton Wanderers
92%
LW Diogo Jota 16/17 Pacos de Ferreira Atletico Madrid
92%
AM Manuel Fernandes 07/08 Benfica Valencia
92%
CM Gedson Fernandes 22/23 Benfica Besiktas
90%
CM Gedson Fernandes 19/20 Benfica Tottenham Hotspur
90%
LM Gil Dias 15/16 Braga Monaco
90%
ST Goncalo Ramos 24/25 Benfica Paris Saint-Germain
90%
LW Jota 23/24 Celtic Al-Ittihad
90%
LW Jota 22/23 Benfica Celtic
90%
ST Orlando Sa 17/18 Standard Liege Henan Jianye
88%
DM Ruben Neves 23/24 Wolverhampton Wanderers Al-Hilal
88%
DM Ruben Neves 17/18 Porto Wolverhampton Wanderers
88%
GK Jose Sa 21/22 Olympiacos Wolverhampton Wanderers
86%
CM Matheus Nunes 23/24 Wolverhampton Wanderers Manchester City
85%
CM Matheus Nunes 22/23 Sporting CP Wolverhampton Wanderers
85%
DM Danilo Pereira 21/22 Porto Paris Saint-Germain
82%
DM Danilo Pereira 15/16 Maritimo Porto
82%
DM Danilo Pereira 20/21 Porto Paris Saint-Germain
82%
CB Pepe 07/08 Porto Real Madrid
82%
CM Renato Sanches 16/17 Benfica Bayern Munich
82%
CM Renato Sanches 19/20 Bayern Munich Lille
82%
CM Renato Sanches 22/23 Lille Paris Saint-Germain
82%
CM Renato Sanches 17/18 Bayern Munich Swansea City
82%
CM Vitinha 22/23 Porto Paris Saint-Germain
82%
CM Joao Moutinho 13/14 Porto Monaco
81%
CM Joao Moutinho 10/11 Sporting CP Porto
81%
CM Joao Moutinho 18/19 Monaco Wolverhampton Wanderers
81%
ST Vitinha 22/23 Braga Marseille
81%
LW Goncalo Guedes 18/19 Paris Saint-Germain Valencia
79%
LW Goncalo Guedes 22/23 Valencia Wolverhampton Wanderers
79%
LW Goncalo Guedes 16/17 Benfica Paris Saint-Germain
79%
RB Joao Pereira 12/13 Sporting CP Valencia
79%
LW Rafael Leao 19/20 Lille Milan
79%
LW Rafael Leao 18/19 Sporting CP Lille
79%
RB Ricardo Pereira 18/19 Porto Leicester City
79%
CM Andre Gomes 16/17 Valencia Barcelona
78%
CM Andre Gomes 19/20 Barcelona Everton
78%
CM Andre Gomes 15/16 Benfica Valencia
78%
AM Deco 04/05 Porto Barcelona
78%
AM Deco 08/09 Barcelona Chelsea
78%
AM Deco 98/99 Salgueiros Porto
78%
AM Deco 97/98 Corinthians Benfica
78%
AM Fabio Carvalho 22/23 Fulham Liverpool
78%
AM Joao Carvalho 18/19 Benfica Nottingham Forest
78%
RB Nelson Semedo 17/18 Benfica Barcelona
78%
RB Nelson Semedo 20/21 Barcelona Wolverhampton Wanderers
78%
CB Ricardo Carvalho 04/05 Porto Chelsea
78%
CB Ricardo Carvalho 10/11 Chelsea Real Madrid
78%
CB Ruben Semedo 17/18 Sporting CP Villarreal
78%
CB Ruben Semedo 19/20 Villarreal Olympiacos
78%
CB Ruben Semedo 22/23 Olympiacos Al-Duhail
78%
GK Rui Patricio 18/19 Sporting CP Wolverhampton Wanderers
78%
GK Rui Patricio 21/22 Wolverhampton Wanderers Roma
78%
DM William Carvalho 18/19 Sporting CP Real Betis
78%
ST Nuno Gomes 00/01 Benfica Fiorentina
75%
CB Ricardo Costa 07/08 Porto Wolfsburg
75%
AM Rui Costa 01/02 Fiorentina Milan
75%
AM Rui Costa 94/95 Benfica Fiorentina
75%
LB Nuno Mendes 22/23 Sporting CP Paris Saint-Germain
74%
LB Nuno Mendes 21/22 Sporting CP Paris Saint-Germain
74%
DM Samu Costa 21/22 Braga Almeria
74%
DM Samu Costa 23/24 Almeria Mallorca
74%
CM Tiago Mendes 04/05 Benfica Chelsea
74%
CM Tiago Mendes 07/08 Lyon Juventus
74%
CM Tiago Mendes 05/06 Chelsea Lyon
74%
RB Diogo Dalot 18/19 Porto Manchester United
73%
LB Fabio Coentrao 11/12 Benfica Real Madrid
73%
CM Joao Mario 16/17 Sporting CP Inter Milan
73%
LW Nani 07/08 Sporting CP Manchester United
73%
LW Nani 16/17 Fenerbahce Valencia
73%
LW Nani 15/16 Manchester United Fenerbahce
73%
DM Pedro Mendes 08/09 Portsmouth Rangers
73%
AM Fabio Vieira 22/23 Porto Arsenal
66%
RW Otavio 23/24 Porto Al-Nassr
66%
RW Ricardo Quaresma 08/09 Porto Inter Milan
66%
RW Ricardo Quaresma 10/11 Inter Milan Besiktas
66%
RW Ricardo Quaresma 03/04 Sporting CP Barcelona
66%
RW Ricardo Quaresma 04/05 Barcelona Porto
66%
RW Francisco Trincao 20/21 Braga Barcelona
64%
RW Francisco Trincao 23/24 Barcelona Sporting CP
64%
RW Francisco Trincao 21/22 Barcelona Wolverhampton Wanderers
64%
RW Francisco Trincao 22/23 Barcelona Sporting CP
64%
LB Raphael Guerreiro 16/17 Lorient Borussia Dortmund
64%
CM Raul Meireles 11/12 Liverpool Chelsea
64%
CM Raul Meireles 10/11 Porto Liverpool
64%
CM Raul Meireles 12/13 Chelsea Fenerbahce
64%
ST Beto 23/24 Udinese Everton
63%
ST Beto 22/23 Portimonense Udinese
63%
DM Joao Palhinha 22/23 Sporting CP Fulham
59%
LB Mario Rui 17/18 Empoli Roma
59%
LB Mario Rui 17/18 Roma Napoli
59%
LB Mario Rui 17/18 Roma Napoli
59%
LB Mario Rui 16/17 Empoli Roma
59%
RB Jose Bosingwa 08/09 Porto Chelsea
58%
RW Gelson Martins 19/20 Atletico Madrid Monaco
55%
RW Gelson Martins 18/19 Sporting CP Atletico Madrid
55%
CB Jose Fonte 16/17 Southampton West Ham United
55%
CB Jose Fonte 17/18 West Ham United Dalian Yifang
55%
RW Pedro Neto 19/20 Lazio Wolverhampton Wanderers
55%
RW Pedro Neto 19/20 Braga Lazio
55%
RW Pedro Neto 17/18 Braga Lazio
55%
CB Luis Neto 12/13 Siena Zenit
53%
CB Luis Neto 12/13 Nacional Siena
53%
ST Rui Fonte 17/18 Braga Fulham
53%
ST Rui Fonte 16/17 Benfica Braga
53%
RB Paulo Ferreira 04/05 Porto Chelsea
51%
RB Cedric Soares 15/16 Sporting CP Southampton
49%
CB Bruno Alves 10/11 Porto Zenit
48%
CB Bruno Alves 13/14 Zenit Fenerbahce
48%
RW Rony Lopes 19/20 Monaco Sevilla
48%
RW Rony Lopes 15/16 Manchester City Monaco
48%
CM Andre Almeida 22/23 Vitoria Guimaraes Valencia
45%
ST Hugo Almeida 07/08 Porto Werder Bremen
45%
LW Bruma 17/18 Galatasaray RB Leipzig
44%
LW Bruma 13/14 Sporting CP Galatasaray
44%
LW Bruma 19/20 RB Leipzig PSV
44%
LW Bruma 23/24 Fenerbahce Braga
44%
LW Bruma 22/23 PSV Fenerbahce
44%
ST Eder 15/16 Braga Swansea City
44%
ST Eder 16/17 Swansea City Lille
44%
ST Pauleta 03/04 Bordeaux Paris Saint-Germain
44%
ST Pauleta 00/01 Deportivo La Coruna Bordeaux
44%
ST Pauleta 98/99 Salamanca Deportivo La Coruna
44%
LW Simao 07/08 Benfica Atletico Madrid
44%
LW Simao 99/00 Sporting CP Barcelona
44%
LW Simao 01/02 Barcelona Benfica
44%
LW Daniel Podence 19/20 Olympiacos Wolverhampton Wanderers
41%
LW Daniel Podence 18/19 Sporting CP Olympiacos
41%
LB Nuno Tavares 21/22 Benfica Arsenal
41%
CM Maniche 05/06 Porto Dynamo Moscow
38%
CM Maniche 06/07 Dynamo Moscow Atletico Madrid
38%
CB Diogo Leite 23/24 Porto Union Berlin
37%
AM Danny 08/09 Dynamo Moscow Zenit
34%
RW Francisco Conceicao 22/23 Porto Ajax
34%
LW Pedro Goncalves 20/21 Famalicao Sporting CP
34%
RW Sergio Conceicao 01/02 Parma Inter Milan
34%
RW Sergio Conceicao 00/01 Lazio Parma
34%
RW Sergio Conceicao 98/99 Porto Lazio
34%
ST Helder Postiga 03/04 Porto Tottenham Hotspur
32%
ST Helder Postiga 04/05 Tottenham Hotspur Porto
32%
LW Paulo Futre 93/94 Benfica Marseille
30%
LW Paulo Futre 87/88 Porto Atletico Madrid
30%
GK Vitor Baia 96/97 Porto Barcelona
29%
CM Andre Horta 18/19 Benfica Los Angeles
27%
GK Eduardo 10/11 Braga Genoa
27%
LM Nuno Santos 20/21 Rio Ave Sporting CP
27%
CM Paulo Sousa 97/98 Borussia Dortmund Inter Milan
27%
CM Paulo Sousa 94/95 Sporting CP Juventus
27%
CM Paulo Sousa 96/97 Juventus Borussia Dortmund
27%
LB Ruben Vinagre 22/23 Wolverhampton Wanderers Sporting CP
27%
ST Dyego Sousa 19/20 Braga Shenzhen
26%
CB Fernando Meira 01/02 Benfica Stuttgart
26%
CB Fernando Meira 08/09 Galatasaray Zenit
26%
CB Fernando Meira 08/09 Stuttgart Galatasaray
26%
CB Fernando Meira 00/01 Vitoria Guimaraes Benfica
26%
RB Ivo Pinto 15/16 Dinamo Zagreb Norwich City
26%
DM Miguel Veloso 10/11 Sporting CP Genoa
26%
DM Miguel Veloso 12/13 Genoa Dynamo Kyiv
26%
GK Ricardo 07/08 Sporting CP Real Betis
26%
ST Ricardo Sa Pinto 97/98 Sporting CP Real Sociedad
26%
RB Tiago Santos 23/24 Estoril Praia Lille
26%
LW Carlos Borges 23/24 Manchester City Ajax
25%
ST Nelson Oliveira 16/17 Benfica Norwich City
25%
AM Pizzi 13/14 Atletico Madrid Benfica
25%
AM Pizzi 11/12 Braga Atletico Madrid
25%
ST Tiago Tomas 23/24 Sporting CP Wolfsburg
25%
DM Costinha 06/07 Dynamo Moscow Atletico Madrid
23%
DM Costinha 05/06 Porto Dynamo Moscow
23%
ST Joao Tomas 01/02 Benfica Real Betis
23%
CB Paulo Oliveira 17/18 Sporting CP Eibar
23%
LB Vieirinha 11/12 PAOK Wolfsburg
23%
CB Jorge Andrade 02/03 Porto Deportivo La Coruna
22%
CB Jorge Andrade 07/08 Deportivo La Coruna Juventus
22%
LM Luis Boa Morte 06/07 Fulham West Ham United
22%
CB Tiago Djalo 19/20 Milan Lille
22%
LW Felix Correia 20/21 Manchester City Juventus
21%
LW Felix Correia 19/20 Sporting CP Manchester City
21%
CB Fernando Couto 96/97 Parma Barcelona
21%
CB Fernando Couto 98/99 Barcelona Lazio
21%
RB Miguel 05/06 Benfica Valencia
21%
RB Thierry Correia 19/20 Sporting CP Valencia
21%
ST Youssef Chermiti 23/24 Sporting CP Everton
21%
CM Chiquinho 19/20 Moreirense Benfica
19%
LW Chiquinho 21/22 Estoril Praia Wolverhampton Wanderers
19%
AM Hugo Viana 02/03 Sporting CP Newcastle United
19%
ST Paulinho 20/21 Braga Sporting CP
19%
CB David Carmo 22/23 Braga Porto
18%
GK Luis Maximiano 22/23 Granada Lazio
18%
GK Luis Maximiano 21/22 Sporting CP Granada
18%
ST Liedson 03/04 Corinthians Sporting CP
16%
CB Tiago Ilori 13/14 Sporting CP Liverpool
16%
CB Tiago Ilori 16/17 Liverpool Reading
16%
ST Dany Mota 20/21 Juventus Monza
15%
RB Nelson 08/09 Benfica Real Betis
15%
CM Xeka 17/18 Braga Lille
15%
RW Rafael Camacho 19/20 Liverpool Sporting CP
14%
CB Ricardo Rocha 06/07 Benfica Tottenham Hotspur
12%
LB Vitorino Antunes 14/15 Malaga Dynamo Kyiv
12%
DM Renato Veiga 23/24 Sporting CP Basel
11%
CM Bruno Jordao 19/20 Lazio Wolverhampton Wanderers
10%
CM Bruno Jordao 19/20 Braga Lazio
10%
CM Bruno Jordao 17/18 Braga Lazio
10%
CB Domingos Duarte 19/20 Sporting CP Granada
10%
ST Jorge Cadete 97/98 Celtic Celta Vigo
10%
CM Jose Luis Vidigal 00/01 Sporting CP Napoli
10%
CM Paulo Machado 09/10 Porto Toulouse
10%
DM Delfim Teixeira 01/02 Sporting CP Marseille
8%
ST Domingos Paciencia 97/98 Porto Tenerife
8%
CM Hugo Leal 01/02 Atletico Madrid Paris Saint-Germain
8%
RB Ricardo Esgaio 21/22 Braga Sporting CP
8%
CB Ruben Vezo 19/20 Valencia Levante
8%
AM Rui Barros 88/89 Porto Juventus
8%
RB Wilson Manafa 18/19 Portimonense Porto
8%
LM Fernando Chalana 84/85 Benfica Bordeaux
7%
RW Iuri Medeiros 23/24 Braga Al-Nasr
7%
CM Ruben Micael 11/12 Porto Atletico Madrid
7%
RB Silvio 11/12 Braga Atletico Madrid
7%
CB Alexandre Penetra 23/24 Famalicao AZ Alkmaar
5%
CB Andre Amaro 23/24 Vitoria Guimaraes Al-Rayyan
5%
AM Andre Franco 22/23 Estoril Praia Porto
5%
ST Ariza Makukula 02/93 Salamanca Nantes
5%
ST Ariza Makukula 07/08 Sevilla Benfica
5%
ST Ariza Makukula 04/05 Nantes Sevilla
5%
RB Luis Filipe 01/02 Braga Sporting CP
5%
LW Marco Matias 15/16 Nacional Sheffield Wednesday
5%
CM Pele 08/09 Inter Milan Porto
4%
CB Helder Cristovao 96/97 Benfica Deportivo La Coruna
3%
No matching quizzes found
Score Distribution
Percent of People with Each Score
Percentile by Number Answered
Your Score History
You have not taken this quiz